000 00672nam a22002297a 4500
003 UA-OsUOA
001 46604
007 ta
008 20070703b un ||||| |||| 00| 0 ukr d
100 _aСоболевский А.И.
090 _a811.161.1
_bС54
942 _cBK
040 _aUA-OsUOA
_brus
_cUA-OsUOA
_dUA-OsUOA
245 _aИстория русского литературного языка
300 _a193 с.
955 _a2
041 _arus
080 _a811.161.1
260 _aЛенинград
_c1980
650 7 _a8 Мовознавство. Художня література. Літературознавство
_2UDC
999 _c332695
_d332695